=LDR 00000nam 2200000 4500 =001 INLIS000000000035909 =005 20130612141729 =008 ***********************************Ind** =035 ##$$a0010-061300000035909 =041 ##$$a Ind =082 ##$$a 346.08 =090 ##$$a 346.08, Dir =100 ##$$a dirdjosisworo, soedjono =245 ##$$a Hukum perusahaan mengenai hukum perbankan di indonesia (bank umum) =260 ##$$a 2003 $b Bandung =300 ##$$a 293 hlm, ilus, 23 cm =850 ##$$a NBPNMAT =990 ##$$a 21400528/BPAP-NTB/2014